LEADER 01403nam 2200337 n 450 001 996396417503316 005 20221108044611.0 035 $a(CKB)4330000000355853 035 $a(EEBO)2240884560 035 $a(UnM)99859735 035 $a(EXLCZ)994330000000355853 100 $a19851127d1641 uy | 101 0 $aeng 135 $aurbn||||a|bb| 200 12$aA peace-offering to God$b[electronic resource] $eA sermon preached to the Honourable House of Commons assembled in Parliament, at their publique thanksgiving, September 7. 1641. For the peace concluded between England and Scotland. /$fBy Stephen Marshall, Batchelour in Divinity, minister of Finchingfield in Essex. Published by order of the said House 210 $aLondon $cPrinted by T.P. and M.S. for Samuel Man, dwelling in St. Pauls Church-yard, at the signe of the Swan$d1641 215 $a[4], 51, [1] p 300 $aReproduction of the original in the British Library. 330 $aeebo-0018 606 $aFast-day sermons$y17th century 607 $aGreat Britain$xHistory$yCharles I, 1625-1649$vSermons$vEarly works to 1800 615 0$aFast-day sermons 700 $aMarshall$b Stephen$f1594?-1655.$01001459 801 0$bCu-RivES 801 1$bCu-RivES 801 2$bCStRLIN 801 2$bWaOLN 906 $aBOOK 912 $a996396417503316 996 $aA peace-offering to God$92389185 997 $aUNISA